000 03252nam a2200349 a 4500
001 000048746
003 Ost
005 20250129073606.0
008 190411s2016 dr ac 000 0 spa d
020 _a9789945161335
040 _aDO-SdBNP
_bspa
_cBNPHU
082 _a972.9304
_bE59s, 2016
245 0 0 _aEnsayos sobre la guerra restauradora /
_cedidtor Juan Daniel Balcácer ; presentación José Chez Checo.
250 _a3ra. ed.
260 _aSanto Domingo :
_bCPEP,
_c2016.
300 _a371 p. :
_bil., retrs. ;
_c23 cm.
490 1 _aPublicaciones de la Comisión Permanente de Efemérides Patrias
_v23
490 1 _aAcademia Dominicana de la Historia
_v77
500 _aIncluye datos biográficos de los ensayistas
500 _aIncluye referencias bibliográficas y notas al pie de las páginas
505 0 _aPresentación --
_rJosé Chez Checo --
_tPalabras del Rector Magnífico de la Universidad Autónoma de Santo Domingo Roberto Reyna --
_tAntecedentes históricos y sociológicos de la anexión a España /
_rManuel A. Peña Batlle --
_tExamen crítico de la anexión de Santo domingo a España /
_rAlejandro Angulo Guridi --
_tCapotillo y la Restauración /
_rAlcides García Lluberes --
_tEl día histórico /
_rAlcides García Lluberes --
_tLa batalla del 6 de septiembre de 1863 /
_rCésar Herrera --
_tCentenario de la Restauración. Ley 3, que declara el año de 1963, Año Centenario de la Restauración Nacional --
_tDecreto 95, que crea la Comisión Nacional del Centenario de la Restauración --
_tPrograma de actividades del Centenario de la Restauración --
_tHomilía de Monseñor Hugo E. Planco Brito, en el Centenario de la Restauración --
_tDiscurso del Presidente Juan Bosch, en el Centenario de la Restauración --
_tElogio del gobierno de la Restauración /
_rEmilio Rodríguez Demorizi --
_tLa restauración y sus enlaces con la historia de occidente /
_rPedro Troncoso Sánchez --
_tPerfil nacionalista de Gregorio Luperón /
_rHugo Tolentino Dipp --
_tAnexión y Guerra Restauradora /
_rJuan Daniel Balcácer, Manuel García Arévalo --
_tReflexiones sobre la Guerra de la Restauración /
_rFrancisco Antonio Avelino --
_tAnexión, restauración e Iglesia, 1860-1865 /
_rAntonio Llubers, sj. --
_tCaracterísticas de la Guerra Restauradora, 1863-1865 /
_rEmilio Cordero Michel --
_tNotas sobre la participación haitiana en la Guerra Restauradora /
_rRicardo Hernández --
_tApéndices -
_tActa de Independencia, Santiago, 14 de septiembre de 1863 --
_tAdiciones y firmas en Luperón : notas autobiográficas --
_tExposición a S.M. la Reina de España --
_tExposición al gobierno de Inglaterra --
_tRamón Mella, a sus conciudadano --
590 _aInventariado, 2019/LP
650 1 4 _aRepública dominicana
_xHistoria
_yRestauración, 1863-1865
_9585
650 1 4 _aRepública dominicana
_xAnexión a España 1861-1863
_96070
650 1 0 _aEnsayos dominicanos
_965
700 1 _aBalcácer, Juan Daniel,
_d1949-
_eed.
_96566
700 1 _aChez Checo, José,
_d1949-
_epresent.
_910145
710 1 _aRepública Dominicana
_bComisión Permanente de Efemérides Patria
_945309
830 0 _aPublicaciones de la Comisión Permanente de Efemérides Patrias;
_n23
_976201
830 0 _aAcademia Dominicana de la Historia;
_n77
_96074
942 _2ddc
_cLBS1
999 _c48234
_d48234